000 00523nam a22002057a 4500
003 OSt
005 20160920191608.0
008 151102b xxu||||| |||| 00| 0 eng d
020 _a0706990307
040 _cDDC
082 _a658
_bCHA 2004
100 _aChandan, J S
_95939
245 _aManagement Theory and Practice
260 _aNew York;
_bVikas publishing,
_c2004
300 _axix;504p;
_bill:
_c22cm
504 _aReferences & index included
518 _a2004
650 _aManagement
_9364
942 _2ddc
_cSLOAN
999 _c2380
_d2380